[Event "1700's Anonymous"]
[Site "SchemingMind.com"]
[Date "2011.09.19"]
[Round "-"]
[White "emvarela"]
[Black "Clive Everill"]
[Result "1/2-1/2"]
[WhiteCountry "ARG"]
[BlackCountry "CZE"]
[WhiteElo "1787"]
[WhiteRD "47"]
[BlackElo "1785"]
[BlackRD "52"]
[GameID "293090"]

1. e4 d6 2. d4 Nf6 3. Nc3 Nbd7 4. f4 e6 5. Nf3 a6 6. Bd3 Be7 7. h3 O-O 8. Be3 b5 9. O-O Bb7 10. e5 dxe5
11. dxe5 Nd5 12. Nxd5 Bxd5 13. f5 Bxf3 14. Qxf3 Nxe5 15. Qe2 Nxd3 16. cxd3 Bf6 17. fxe6 fxe6 18. Bc5 Re8 19. Rad1 Qd5 20. d4 Qxa2
21. Rf3 Qd5 22. Rdf1 Bxd4+ 23. Bxd4 Qxd4+ 24. Kh2 c5 25. Rd3 Qb4 26. Rd7 Rf8 27. Qxe6+ Kh8 28. Rff7 Rxf7 29. Qxf7 Qxb2 30. Ra7 Rg8
31. Rxa6 c4 32. Re6 h6 33. Re8 Rxe8 34. Qxe8+ Kh7 35. Qe4+ g6 36. Qb7+ Qg7 37. Qxb5 c3 38. Qc5 h5 39. g4 hxg4 40. hxg4 Qh6+
41. Kg3 Qg7 42. g5 c2=
1/2-1/2

[Event "1700's Anonymous"]
[Site "SchemingMind.com"]
[Date "2011.09.19"]
[Round "-"]
[White "Clive Everill"]
[Black "emvarela"]
[Result "1-0"]
[WhiteCountry "CZE"]
[BlackCountry "ARG"]
[WhiteElo "1816"]
[WhiteRD "51"]
[BlackElo "1774"]
[BlackRD "47"]
[GameID "293091"]

1. c4 Nf6 2. Nc3 e6 3. e4 d5 4. e5 d4 5. exf6 dxc3 6. bxc3 Qxf6 7. Nf3 Nc6 8. Bd3 Ne5 9. Be2 Nxf3+ 10. Bxf3 c6
11. O-O Bc5 12. d4 Bb6 13. Ba3 Bd7 14. Qb3 O-O-O 15. Rab1 h5 16. c5
1-0

[Event "1700's Anonymous"]
[Site "SchemingMind.com"]
[Date "2011.09.21"]
[Round "-"]
[White "Phillip Beckett"]
[Black "Clive Everill"]
[Result "0-1"]
[WhiteCountry "ENG"]
[BlackCountry "CZE"]
[WhiteElo "1633"]
[WhiteRD "57"]
[BlackElo "1790"]
[BlackRD "52"]
[GameID "293537"]

1. e4 e5 2. Nf3 Nc6 3. Bb5 d6 4. d4 Bd7 5. dxe5 dxe5 6. O-O Nf6 7. Re1 Bd6 8. c3 O-O 9. Bg5 h6 10. Bh4 a6
11. Ba4 b5 12. Bc2 Bg4 13. h3 Be6 14. Nbd2 Be7 15. Nf1 Qe8 16. Qe2 Nh5 17. Bxe7 Nf4 18. Qe3 Qxe7 19. Rad1 Na5 20. N1d2 f6
21. b3 c5 22. Nh4 g5 23. Ng6 Nxg6 24. Kh2 Rfd8 25. g3 Rd7 26. Nf1 Rad8 27. Rxd7 Rxd7 28. g4 Nf4 29. Ng3 c4 30. Nf5 Qh7
31. b4 Nb7 32. Kg3 h5 33. Rh1 hxg4 34. hxg4 Qxh1
0-1

[Event "1700's Anonymous"]
[Site "SchemingMind.com"]
[Date "2011.09.23"]
[Round "-"]
[White "Phillip Beckett"]
[Black "emvarela"]
[Result "0-1"]
[WhiteCountry "ENG"]
[BlackCountry "ARG"]
[WhiteElo "1669"]
[WhiteRD "56"]
[BlackElo "1787"]
[BlackRD "47"]
[GameID "293538"]

1. e4 e5 2. Nf3 Nc6 3. Bb5 a6 4. Ba4 Nf6 5. O-O Be7 6. Re1 b5 7. Bb3 O-O 8. d4 d6 9. c3 Bg4 10. d5 Na5
11. Bc2 c6 12. dxc6 Nxc6 13. h3 Bxf3 14. Qxf3 d5 15. exd5 Qxd5 16. Qxd5 Nxd5 17. Be4 Rfd8 18. Bxd5 Rxd5 19. Be3 Bc5 20. Bxc5 Rxc5
21. Nd2 f5 22. Rad1 Rd8 23. Kf1 Rcd5 24. Ke2 e4 25. Nb3 Rxd1 26. Rxd1 Rxd1 27. Kxd1 Ne5 28. Nc5 a5 29. Nb7 Nc6 30. Nd6 g6
31. Nxb5 Kf7 32. Nd4 Ne5 33. Nb3 Nc6 34. Ke2 Kf6 35. Ke3 Ke5 36. f3 exf3 37. Kxf3 g5 38. Nc5 Kd5 39. Nb3 Ne5+ 40. Ke3 Nc4+
41. Ke2 a4 42. Nc1 Nxb2 43. Kd2 Nc4+ 44. Kd3 Ne5+ 45. Kd2 h5 46. Nd3 Nc4+ 47. Ke2 f4= 48. Kf3 Nd2+ 49. Ke2= Nb1 50. c4+ Kxc4
0-1

[Event "1700's Anonymous"]
[Site "SchemingMind.com"]
[Date "2011.09.21"]
[Round "-"]
[White "Clive Everill"]
[Black "Phillip Beckett"]
[Result "1/2-1/2"]
[WhiteCountry "CZE"]
[BlackCountry "ENG"]
[WhiteElo "1790"]
[WhiteRD "52"]
[BlackElo "1633"]
[BlackRD "57"]
[GameID "293539"]

1. Nf3 Nf6 2. d4 d5 3. c4 e6 4. Bg5 Be7 5. e3 h6 6. Bh4 O-O 7. Nc3 Ne4 8. Bxe7 Qxe7 9. Rc1 Nxc3 10. Rxc3 c6
11. Bd3 dxc4 12. Bxc4 Nd7 13. Qc2 e5 14. O-O exd4 15. exd4 Nb6 16. Re3 Qf6 17. Bd3 Nd5 18. Re5 Bg4 19. Nd2 Rae8 20. Rfe1 Rxe5
21. Rxe5 Be6 22. a3 Re8 23. Bc4 Bd7 24. Nf3 Rxe5 25. Nxe5 Qf5 26. Bd3 Qe6 27. Nxd7 Qxd7 28. g3 Qe7 29. Qd2 Qf6 30. Kg2 Qe6
31. Bc4 Qe4+ 32. Kg1 Qb1+ 33. Bf1 Qg6 34. Bd3 Qe6 35. Qa5 g6 36. Qxa7 Qe1+ 37. Kg2 Qd2 38. Qb8+ Kg7 39. Bf1 Ne3+ 40. Kg1 Nxf1
41. Kxf1 Qd1+ 42. Kg2 Qxd4 43. Qxb7 Qd5+ 44. f3 Qd2+ 45. Kh3 Qd5 46. f4 Qh5+ 47. Kg2 Qe2+ 48. Kg1 Qe1+=
1/2-1/2

[Event "1700's Anonymous"]
[Site "SchemingMind.com"]
[Date "2011.09.23"]
[Round "-"]
[White "emvarela"]
[Black "Phillip Beckett"]
[Result "1-0"]
[WhiteCountry "ARG"]
[BlackCountry "ENG"]
[WhiteElo "1774"]
[WhiteRD "47"]
[BlackElo "1668"]
[BlackRD "58"]
[GameID "293540"]

1. e4 c5 2. Nf3 d6 3. d4 cxd4 4. Nxd4 Nf6 5. Nc3 g6 6. Be3 Bg7 7. f3 O-O 8. Qd2 Nc6 9. O-O-O d5 10. exd5 Nxd5
11. Nxc6 bxc6 12. Nxd5 cxd5 13. Qxd5 Qc7 14. Qxa8 Bf5 15. Qxf8+ Kxf8 16. Bd3 Be6 17. a3 Qb7 18. Bb5 Bf6 19. Bh6+ Bg7 20. Rd8#
1-0

[Event "1700's Anonymous"]
[Site "SchemingMind.com"]
[Date "2011.09.21"]
[Round "-"]
[White "Archon"]
[Black "Clive Everill"]
[Result "1-0"]
[WhiteCountry "CAN"]
[BlackCountry "CZE"]
[WhiteElo "1778"]
[WhiteRD "57"]
[BlackElo "1790"]
[BlackRD "52"]
[GameID "293541"]

1. Nf3 d5 2. c4 Nf6 3. g3 dxc4 4. Qc2 b5 5. a4 c6 6. axb5 cxb5 7. Bg2 Bb7 8. O-O e6 9. b3 Be4 10. Qc3 Be7
11. bxc4 b4 12. Qb2 Nc6 13. d3 Bxf3 14. Bxf3 Qc8 15. Bg5 O-O 16. Nd2 h6 17. Bf4 Nd7 18. Ne4 f5 19. Nd6 Bxd6 20. Bxd6 a5
21. Bxf8 Kxf8 22. Rfb1 Rb8 23. Bxc6 Qxc6 24. Qd2 Qc7 25. Qa2 Ne5 26. Qxa5 Qd6 27. Rb3 Qd4 28. Rxb4 Rxb4 29. Qxb4+ Kf7 30. Qb7+ Kf6
31. Ra7 Kg5 32. Qxg7+ Kh5 33. Qe7 Ng4 34. Qf7+ Kg5 35. h4#
1-0

[Event "1700's Anonymous"]
[Site "SchemingMind.com"]
[Date "2011.09.23"]
[Round "-"]
[White "Archon"]
[Black "emvarela"]
[Result "0-1"]
[WhiteCountry "CAN"]
[BlackCountry "ARG"]
[WhiteElo "1695"]
[WhiteRD "59"]
[BlackElo "1815"]
[BlackRD "51"]
[GameID "293542"]

1. Nf3 d5 2. c4 c6 3. g3 dxc4 4. Bg2 Nf6 5. Qc2 Be6 6. Ng5 Bd5 7. Nf3 Be6 8. Ng5 Bd5 9. Nf3 Be6 10. Na3 b5
11. O-O Nbd7 12. d3 cxd3 13. Qxd3 Bd5 14. Nc2 Nc5 15. Qd1 e6 16. Ne3 Bxf3 17. exf3 Qxd1 18. Rxd1 Nd5 19. f4 O-O-O 20. b4 Nb7
21. Nxd5 exd5 22. Ba3 a5 23. Rab1 axb4 24. Bxb4 Bxb4 25. Rxb4 Rhe8 26. Rc1 Kd7 27. Bxd5 cxd5 28. Rxb5 Nd6 29. Rxd5 Rc8 30. Rcd1 Rc6
31. R1d2 Re1+ 32. Kg2 Ke6 33. R5d3 Ne4 34. Rd1 Rxd1 35. Rxd1 Rc2 36. Ra1 Rxf2+ 37. Kg1 Rb2 38. a4 Rb7 39. Kg2 f5 40. a5 Ra7
41. Kf3 h5 42. h4 g6 43. a6 Nc5 44. Ra5 Nxa6 45. Ke3 Kf6 46. Kf3 Ra8 47. Ra3 Nc7 48. Rc3 Ne6 49. Rd3 Rd8 50. Ra3 Nd4+
51. Kf2 Rd6 52. Rd3 Nb5 53. Rb3 Nc7 54. Rb2 Ne6 55. Ra2 g5 56. hxg5+ Nxg5 57. fxg5+ Kxg5 58. Kg2 Rd4 59. Rf2 h4 60. gxh4+ Rxh4
61. Ra2 Kg4 62. Ra4+ f4 63. Rb4 Rh5 64. Ra4 Rb5 65. Rc4 Rb2+ 66. Kf1 Kg3 67. Rc3+ f3 68. Ke1 Kg2 69. Rc8 f2+ 70. Kd1 f1=Q#
0-1

[Event "1700's Anonymous"]
[Site "SchemingMind.com"]
[Date "2011.09.21"]
[Round "-"]
[White "Archon"]
[Black "Phillip Beckett"]
[Result "1-0"]
[WhiteCountry "CAN"]
[BlackCountry "ENG"]
[WhiteElo "1778"]
[WhiteRD "57"]
[BlackElo "1633"]
[BlackRD "57"]
[GameID "293543"]

1. Nf3 Nf6 2. c4 e6 3. g3 d5 4. Bg2 Be7 5. O-O c6 6. d4 Nbd7 7. Nc3 O-O 8. b3 Bd6 9. Bb2 dxc4 10. bxc4 e5
11. e4 exd4 12. Nxd4 Ne5 13. Qe2 Qb6 14. Na4 Qc7 15. Nf5 g6 16. Nxd6 Qxd6 17. c5 Qd3 18. Qxd3 Nxd3 19. Bxf6 Be6 20. Be7 Rfe8
21. Bd6 Bc4 22. Nc3 Rad8 23. Rfd1 Nb4 24. e5 Nd5 25. Nxd5 Bxd5 26. Bxd5 cxd5 27. Rxd5
1-0

[Event "1700's Anonymous"]
[Site "SchemingMind.com"]
[Date "2011.09.21"]
[Round "-"]
[White "Clive Everill"]
[Black "Archon"]
[Result "0-1"]
[WhiteCountry "CZE"]
[BlackCountry "CAN"]
[WhiteElo "1816"]
[WhiteRD "51"]
[BlackElo "1753"]
[BlackRD "59"]
[GameID "293544"]

1. e4 d6 2. f4 Nf6 3. e5 dxe5 4. fxe5 Nd5 5. Nf3 Bg4 6. d4 e6 7. Be2 c5 8. c3 Nc6 9. O-O Be7 10. c4 Nb6
11. dxc5 Bxc5+ 12. Kh1 O-O 13. Bf4 Qxd1 14. Rxd1 Rad8 15. Nc3 Bxf3 16. gxf3 h6 17. a3 Bd4 18. Nb5 Bxe5 19. Bxe5 Nxe5 20. c5 Na4
21. Nxa7 Nxc5 22. b4 Na6 23. Nb5 Nc6 24. Nc3 Nc7 25. b5 Nd4 26. b6 Na6 27. Kg2 Nxe2 28. Nxe2 Nb8 29. a4 Nc6 30. Nc3 g5
31. Ne4 f5 32. Nd6 Na5 33. Rab1 Rd7 34. Nb5 Rfd8 35. Rxd7 Rxd7 36. Rc1 Nc6 37. Nc3 Rd2+ 38. Kg3 Kg7 39. h4 Kf6 40. hxg5+ hxg5
41. Ra1 Na5 42. Nb5 f4+ 43. Kg4 Rg2+ 44. Kh3 Rg3+ 45. Kh2 Rxf3 46. Nd6 Re3 47. Rb1 g4 48. Rb5 g3+ 49. Kh3 Re2 50. Rxa5 g2
51. Nxb7 f3 52. Nc5 Re1 53. b7 g1=Q 54. b8=Q Qg2+
0-1

[Event "1700's Anonymous"]
[Site "SchemingMind.com"]
[Date "2011.09.23"]
[Round "-"]
[White "emvarela"]
[Black "Archon"]
[Result "1-0"]
[WhiteCountry "ARG"]
[BlackCountry "CAN"]
[WhiteElo "1774"]
[WhiteRD "47"]
[BlackElo "1753"]
[BlackRD "59"]
[GameID "293545"]

1. e4 d6 2. d4 Nf6 3. Nc3 g6 4. f4 Bg7 5. Nf3 O-O 6. Bd3 Na6 7. O-O c5 8. d5 Bg4 9. Bc4 Nc7 10. h3 Bxf3
11. Qxf3 a6 12. a4 b6 13. g4 e6 14. dxe6 fxe6 15. f5 Nfe8 16. Qd3 gxf5 17. Rxf5 Rxf5 18. exf5 Bd4+ 19. Be3 Be5 20. fxe6 Kh8
21. Rf1 Qh4 22. Rf8+ Kg7 23. Bf2 Bd4 24. Rf7+ Kg8 25. Bxd4
1-0

[Event "1700's Anonymous"]
[Site "SchemingMind.com"]
[Date "2011.09.21"]
[Round "-"]
[White "Phillip Beckett"]
[Black "Archon"]
[Result "1/2-1/2"]
[WhiteCountry "ENG"]
[BlackCountry "CAN"]
[WhiteElo "1633"]
[WhiteRD "57"]
[BlackElo "1778"]
[BlackRD "57"]
[GameID "293546"]

1. e4 d6 2. d4 Nf6 3. Nc3 g6 4. Nf3 Bg7 5. Be2 O-O 6. h3 Nc6 7. O-O a6 8. a3 b5 9. Bg5 Bb7 10. Qd2 e5
11. dxe5 Nxe5 12. Nxe5 dxe5 13. Qxd8 Raxd8 14. f3 Rd6 15. Rad1 Rfd8 16. Rxd6 Rxd6 17. Rd1 Rxd1+ 18. Bxd1 Nh5 19. Ne2 Nf4 20. Nxf4 exf4
21. c3 Be5 22. Bh4 Kf8 23. Bf2 Ke8 24. a4 c6 25. axb5 cxb5 26. Bb3 Bd6 27. Kf1 Ke7 28. Ke2 h5 29. Kd3 f6 30. Bd4 Be5
31. Bc5+ Bd6 32. Bxd6+ Kxd6 33. Kd4 g5 34. c4 bxc4 35. Bxc4 Bc8 36. b4 g4 37. hxg4 hxg4 38. fxg4 Bxg4 39. Bxa6 f3 40. gxf3 Bxf3
41. Bc8 Be2 42. Bb7 Bb5 43. Bd5 Bf1 44. Bb7=
1/2-1/2

[Event "1700's Anonymous"]
[Site "SchemingMind.com"]
[Date "2011.09.21"]
[Round "-"]
[White "Francisco Aquino"]
[Black "Archon"]
[Result "1/2-1/2"]
[WhiteCountry "BRA"]
[BlackCountry "CAN"]
[WhiteElo "1790"]
[WhiteRD "72"]
[BlackElo "1778"]
[BlackRD "57"]
[GameID "293550"]

1. e4 d6 2. d4 Nf6 3. Nc3 g6 4. Bg5 Bg7 5. Nf3 O-O 6. Bc4 c6 7. Qe2 Bg4 8. O-O-O Qa5 9. Bf4 Nbd7 10. h3 Bxf3
11. gxf3 Nh5 12. Bd2 Qc7 13. Be3 e5 14. d5 Nf4 15. Bxf4 exf4 16. dxc6 bxc6 17. Qd2 d5 18. exd5 cxd5 19. Bxd5 Rab8 20. Bb3 Nc5
21. h4 Nxb3+ 22. axb3 h5 23. Rhg1 Kh7 24. Ne4 a5 25. Ng5+ Kg8 26. Qd7 Qxd7 27. Rxd7 a4 28. Rd3 axb3 29. Rxb3 Rxb3 30. cxb3 Rc8+
31. Kb1=
1/2-1/2

[Event "1700's Anonymous"]
[Site "SchemingMind.com"]
[Date "2011.09.22"]
[Round "-"]
[White "Francisco Aquino"]
[Black "Clive Everill"]
[Result "0-1"]
[WhiteCountry "BRA"]
[BlackCountry "CZE"]
[WhiteElo "1724"]
[WhiteRD "72"]
[BlackElo "1816"]
[BlackRD "51"]
[GameID "293551"]

1. e4 Nc6 2. d4 e6 3. Nf3 d5 4. Nc3 Nf6 5. e5 Nd7 6. Bb5 Na5 7. Bg5 Be7 8. Bxe7 Qxe7 9. a3 c6 10. Ba4 b5
11. Bb3 Nxb3 12. cxb3 a5 13. O-O Ba6 14. Rc1 b4 15. axb4 Bxf1 16. Qxf1 axb4 17. Na4 Rc8 18. Qa6 O-O 19. Rxc6 Rxc6 20. Qxc6 Rb8
21. Qc7 Qd8 22. Qc2 Rc8 23. Qd2 Qc7 24. Qxb4 Qc1+ 25. Qe1 Qxe1+ 26. Nxe1 Rb8 27. Kf1 Rxb3 28. Nf3 Rb4 29. Nc3 Rxb2 30. h4 Nb6
31. g3 Rc2 32. Nb5 Nc4 33. Ke1 Rb2 34. Nc3 f6 35. exf6 gxf6 36. Na4 Ra2 37. Nc3 Ra1+ 38. Ke2 Nb2 39. Kd2 Rf1 40. Ke2 Ra1
41. Nd2 Kg7 42. f3 Kg6 43. g4 h5 44. gxh5+ Kxh5 45. f4 Kxh4 46. Kf2 Kg4 47. Ne2 Nd3+ 48. Ke3 Ne1 49. Kf2 Rd1 50. Nb3 Nd3+
51. Ke3 Nb2 52. Nd2 Rh1 53. Kf2 Nd1+ 54. Kg2 Re1 55. Nc1 Ne3+ 56. Kf2 Rxc1 57. Kxe3 Rc3+ 58. Ke2 Kxf4 59. Nb1 Re3+ 60. Kd2 Ke4
61. Nc3+ Kxd4 62. Ne2+ Ke4 63. Nc3+ Kf3 64. Nd1 Ra3 65. Nc3 d4 66. Nb5 Ra4 67. Kd3 e5
0-1

[Event "1700's Anonymous"]
[Site "SchemingMind.com"]
[Date "2011.09.23"]
[Round "-"]
[White "Francisco Aquino"]
[Black "emvarela"]
[Result "1/2-1/2"]
[WhiteCountry "BRA"]
[BlackCountry "ARG"]
[WhiteElo "1795"]
[WhiteRD "70"]
[BlackElo "1787"]
[BlackRD "47"]
[GameID "293552"]

1. e4 e5 2. Nf3 Nc6 3. Bb5 a6 4. Ba4 Nf6 5. O-O Be7 6. Bxc6 dxc6 7. d3 Bd6 8. Bg5 O-O 9. Nbd2 Bg4 10. c3 h6
11. Bh4 g5 12. Bg3 Nh5 13. Qb3 Nxg3 14. fxg3 Bxf3 15. gxf3 b5 16. Rad1 Bc5+ 17. Kg2 Qxd3 18. Nb1 Qe2+ 19. Kh3 a5 20. Rde1 Qd3
21. Rd1 Qc4 22. Qxc4 bxc4 23. Nd2 Rab8 24. Nxc4 f6 25. Rd7 Rf7 26. Rfd1 Bb6 27. Rd8+ Rxd8 28. Rxd8+ Rf8= 29. Rxf8+ Kxf8 30. Kg4 Kg7=
1/2-1/2

[Event "1700's Anonymous"]
[Site "SchemingMind.com"]
[Date "2011.09.21"]
[Round "-"]
[White "Francisco Aquino"]
[Black "Phillip Beckett"]
[Result "1-0"]
[WhiteCountry "BRA"]
[BlackCountry "ENG"]
[WhiteElo "1790"]
[WhiteRD "72"]
[BlackElo "1633"]
[BlackRD "57"]
[GameID "293553"]

1. e4 c5 2. Nf3 d6 3. d4 cxd4 4. Nxd4 Nf6 5. Nc3 g6 6. Bb5+ Bd7 7. Be3 a6 8. Bc4 Nc6 9. f4 Bg7 10. Qf3 O-O
11. O-O-O Rc8 12. Bb3 Bg4 13. Qg3 Bxd1 14. Rxd1 Na5 15. e5 dxe5 16. fxe5 Rxc3 17. exf6 Rxe3 18. Qxe3 Bxf6 19. Ne6 Qb8 20. Nxf8 Nxb3+
21. Qxb3 Kxf8 22. h3 b5 23. Qd5 Kg7 24. Qd8 Qxd8 25. Rxd8 e5 26. Ra8 e4 27. Rxa6 e3 28. Kd1 Bxb2 29. Rb6 f5 30. Rxb5 Bc3
31. a4
1-0

[Event "1700's Anonymous"]
[Site "SchemingMind.com"]
[Date "2011.09.21"]
[Round "-"]
[White "Archon"]
[Black "Francisco Aquino"]
[Result "1/2-1/2"]
[WhiteCountry "CAN"]
[BlackCountry "BRA"]
[WhiteElo "1778"]
[WhiteRD "57"]
[BlackElo "1790"]
[BlackRD "72"]
[GameID "293554"]

1. Nf3 Nf6 2. c4 Nc6 3. g3 e5 4. d3 Bb4+ 5. Bd2 Qe7 6. Nc3 O-O 7. Bg2 d6 8. O-O Bg4 9. Nd5 Nxd5 10. cxd5 Bxd2
11. Qxd2 Bxf3 12. Bxf3 Nd4 13. Bg2 Qf6 14. Rac1 Rfc8 15. b4 Nf5 16. a4 a5 17. b5 b6 18. e3 Qh6 19. Rc2 Qf6 20. Rfc1 Ra7
21. Rc3 Qe7 22. R1c2 g6 23. Qc1 h5 24. Rc6 Rb7 25. Bh3 Kg7 26. Bxf5 gxf5 27. R2c4 Kg6 28. Kg2 f6 29. Qd1 Kg5 30. Rh4 Rh8
31. Rhc4 Rc8=
1/2-1/2

[Event "1700's Anonymous"]
[Site "SchemingMind.com"]
[Date "2011.09.22"]
[Round "-"]
[White "Clive Everill"]
[Black "Francisco Aquino"]
[Result "1-0"]
[WhiteCountry "CZE"]
[BlackCountry "BRA"]
[WhiteElo "1790"]
[WhiteRD "52"]
[BlackElo "1790"]
[BlackRD "72"]
[GameID "293555"]

1. Nf3 Nf6 2. d4 d5 3. c4 e6 4. g3 Bb4+ 5. Nbd2 O-O 6. Bg2 dxc4 7. Qc2 Qd5 8. O-O Nc6 9. e3 Na5 10. a3 Bxd2
11. Nxd2 Qb5 12. a4 Qa6 13. Re1 Rb8 14. Bf1 Qc6 15. Nxc4 Nxc4 16. Bxc4 b6 17. Bd3 Qf3 18. e4 Qh5 19. Be2 Qh3 20. Bf1 Qh5
21. Bg2 Ng4 22. h3 Nf6 23. Qxc7 Bb7 24. Bf4 Qa5 25. Qe7 Rfe8 26. Qa3 Rbc8 27. b4 Qh5 28. g4 Nxg4 29. hxg4 Qxg4 30. Qg3 Qh5
31. Bf3 Qg6 32. Qxg6 hxg6 33. Rac1 Rcd8 34. Rc7 Rb8 35. Rec1 Rec8 36. Rxc8+ Rxc8 37. Rxc8+ Bxc8 38. Bb8 a6 39. Ba7 b5 40. axb5 axb5
41. d5 exd5 42. exd5 Kf8 43. d6 Bd7 44. Bd5 f5 45. Kg2 g5 46. Kf3 g6 47. Be3 g4+ 48. Kf4 Be8 49. Be6 Bc6 50. Kg5 Ke8
51. Kxg6 Bd7 52. Bxf5 Bxf5+ 53. Kxf5 Kd7 54. Bc5
1-0

[Event "1700's Anonymous"]
[Site "SchemingMind.com"]
[Date "2011.09.23"]
[Round "-"]
[White "emvarela"]
[Black "Francisco Aquino"]
[Result "1-0"]
[WhiteCountry "ARG"]
[BlackCountry "BRA"]
[WhiteElo "1774"]
[WhiteRD "47"]
[BlackElo "1724"]
[BlackRD "72"]
[GameID "293556"]

1. e4 e5 2. Nf3 Nc6 3. d4 exd4 4. c3 dxc3 5. Bc4 Bb4 6. bxc3 Be7 7. Qd5 Nh6 8. Bxh6 O-O 9. Bg5 Bxg5 10. Nxg5 Qf6
11. O-O Ne5 12. f4 c6 13. Qxe5 Qxe5 14. fxe5 b5 15. Bxf7+ Kh8 16. Nd2 Ba6 17. Bb3 Rxf1+ 18. Rxf1 b4 19. c4 c5 20. e6 dxe6
21. Nxe6 Rc8 22. Rf8+ Rxf8 23. Nxf8 Bc8 24. Ba4 Kg8 25. Nd7
1-0

[Event "1700's Anonymous"]
[Site "SchemingMind.com"]
[Date "2011.09.21"]
[Round "-"]
[White "Phillip Beckett"]
[Black "Francisco Aquino"]
[Result "0-1"]
[WhiteCountry "ENG"]
[BlackCountry "BRA"]
[WhiteElo "1633"]
[WhiteRD "57"]
[BlackElo "1790"]
[BlackRD "72"]
[GameID "293557"]

1. e4 e5 2. Nf3 Nc6 3. Bb5 Nf6 4. d3 Bc5 5. O-O O-O 6. Bxc6 bxc6 7. Nxe5 Re8 8. Nf3 d5 9. exd5 cxd5 10. Nc3 Bg4
11. h3 Bh5 12. Bg5 Rb8 13. b3 Bb4 14. Na4 h6 15. c3 hxg5 16. cxb4 g4 17. hxg4 Bxg4 18. d4 Rxb4 19. Qd3 Bxf3 20. gxf3 Nh7
21. Kg2 Qg5+ 22. Kh2 Qh4+ 23. Kg2 Rxd4 24. Qf5 Qg5+ 25. Qxg5 Nxg5 26. Rad1 Rxd1 27. Rxd1 c6 28. Rc1 Re6 29. Nb2 Rf6 30. Nd3 Nxf3
31. Ne1 Nxe1+ 32. Rxe1 Re6 33. Rc1 Kf8 34. Rc5 Ke8 35. Ra5 Re7 36. Rc5 Kd7 37. Rc3 Kd6 38. Rg3 g6 39. Rf3 c5 40. Rf6+ Kc7
41. Ra6 Kb7 42. Ra5 Kb6 43. Ra4 d4 44. Rc4 a5 45. Rc2 Kb5 46. Rc4 a4 47. Rxa4 d3 48. Ra8 Rd7
0-1

[Event "1700's Anonymous"]
[Site "SchemingMind.com"]
[Date "2011.09.23"]
[Round "-"]
[White "Andreas Flato"]
[Black "Archon"]
[Result "1/2-1/2"]
[WhiteCountry "GER"]
[BlackCountry "CAN"]
[WhiteElo "1797"]
[WhiteRD "69"]
[BlackElo "1778"]
[BlackRD "57"]
[GameID "293558"]

1. e4 d6 2. d4 Nf6 3. f3 d5 4. e5 Ng8 5. Nc3 Bf5 6. g4 Bg6 7. h4 h5 8. g5 e6 9. a3 c5 10. Bb5+ Nc6
11. Be3 Qb6 12. f4 a6 13. Bxc6+ bxc6 14. b3 cxd4 15. Bxd4 c5 16. Na4 Qa5+ 17. Bc3 Qc7 18. Nh3 Ne7 19. Nf2 Nf5 20. Qd2 a5
21. Nd3 Be7 22. Qf2 Rc8 23. Bb2 O-O 24. c4 d4 25. Ke2 Qc6 26. Qf3 Rfd8 27. Rh3 Ne3 28. Qxc6 Rxc6 29. Bc1 Nf5 30. Bd2 Ra8
31. Ra2=
1/2-1/2

[Event "1700's Anonymous"]
[Site "SchemingMind.com"]
[Date "2011.09.23"]
[Round "-"]
[White "Andreas Flato"]
[Black "Clive Everill"]
[Result "0-1"]
[WhiteCountry "GER"]
[BlackCountry "CZE"]
[WhiteElo "1797"]
[WhiteRD "69"]
[BlackElo "1790"]
[BlackRD "52"]
[GameID "293559"]

1. e4 Nc6 2. d4 d5 3. e5 Bf5 4. g4 Be4 5. f3 Bg6 6. h4 h5 7. g5 e6 8. c3 Qd7 9. Bb5 O-O-O 10. b4 a6
11. Be2 Nge7 12. a4 Nf5 13. Kf2 Bh7 14. b5 Na5 15. bxa6 b6 16. Nd2 Kb8 17. Nb3 Nc4 18. a5 b5 19. Nd2 Qc8 20. Nxc4 dxc4
21. Rb1 Nxd4 22. Ra1 Nxe2 23. Qxe2 Qxa6 24. Be3 Bd3 25. Qb2 Rd5 26. f4 Bc5 27. Nf3 Bxe3+ 28. Kxe3 Qa7+ 29. Nd4 Qa6 30. Qb4 c6
31. Qe7 Bg6 32. Nxe6 fxe6 33. Qxg7 Qa7+
0-1

[Event "1700's Anonymous"]
[Site "SchemingMind.com"]
[Date "2011.09.22"]
[Round "-"]
[White "Andreas Flato"]
[Black "Francisco Aquino"]
[Result "0-1"]
[WhiteCountry "GER"]
[BlackCountry "BRA"]
[WhiteElo "1773"]
[WhiteRD "77"]
[BlackElo "1755"]
[BlackRD "78"]
[GameID "293560"]

1. e4 e5 2. Nf3 Nc6 3. Bc4 Nf6 4. Ng5 d5 5. exd5 Nb4 6. d6 Nbd5 7. dxc7 Qxc7 8. Bb3 Bg4 9. f3 Bh5 10. d4 O-O-O
11. O-O exd4 12. Na3 Bc5 13. Kh1 Ne3 14. Bxe3 dxe3 15. Qe2 Rd2 16. Qc4 Re8 17. Ne4 Nxe4 18. fxe4 e2 19. Nb5 exf1=Q+ 20. Rxf1 Qb6
21. Nc3 Rd4
0-1

[Event "1700's Anonymous"]
[Site "SchemingMind.com"]
[Date "2011.09.23"]
[Round "-"]
[White "Andreas Flato"]
[Black "emvarela"]
[Result "1/2-1/2"]
[WhiteCountry "GER"]
[BlackCountry "ARG"]
[WhiteElo "1792"]
[WhiteRD "72"]
[BlackElo "1774"]
[BlackRD "47"]
[GameID "293561"]

1. e4 e5 2. Nf3 Nc6 3. Bc4 Bc5 4. O-O Nf6 5. d3 d6 6. h3 O-O 7. a3 h6 8. Be3 Bxe3 9. fxe3 Qe7 10. Nc3 Be6
11. Bxe6 Qxe6 12. Nh4 a6 13. Nf5 Ne7 14. Qf3 Nxf5 15. exf5 Qd7 16. e4 c6 17. Rad1 b5 18. g4 d5 19. h4 d4 20. Ne2 Nh7
21. Kg2 c5 22. Rh1 f6 23. b3 a5=
1/2-1/2

[Event "1700's Anonymous"]
[Site "SchemingMind.com"]
[Date "2011.09.22"]
[Round "-"]
[White "Andreas Flato"]
[Black "Phillip Beckett"]
[Result "1-0"]
[WhiteCountry "GER"]
[BlackCountry "ENG"]
[WhiteElo "1773"]
[WhiteRD "77"]
[BlackElo "1677"]
[BlackRD "57"]
[GameID "293562"]

1. e4 c5 2. a3 d6 3. b4 g6 4. Nc3 Bg7 5. Rb1 Nf6 6. g3 O-O 7. Bg2 Nc6 8. Nge2 cxb4 9. axb4 Ne5 10. O-O Bd7
11. d4 Nc6 12. h3 Rc8 13. d5 Nb8 14. Be3 a6 15. b5 axb5 16. Nxb5 Bxb5 17. Rxb5 Qc7 18. c3 Na6 19. Bd4 Nd7 20. Bxg7 Kxg7
21. Qd4+ Kg8 22. Rfb1 Ndc5 23. f4 Qd8 24. e5 dxe5 25. fxe5 f6 26. d6 fxe5 27. Qxe5 Qxd6 28. Bd5+ Rf7 29. Qxd6 exd6 30. Rf1 Rf8
31. Rxf7 Rxf7 32. Bxf7+ Kxf7 33. Kf2 Ke6 34. Ke3 Kd5 35. Rb1 Kc4 36. Rf1 b5 37. Rf7 h5 38. Rf6 g5 39. Rxd6 Kb3 40. Rd5 b4
41. cxb4 Kxb4 42. Rxg5
1-0

[Event "1700's Anonymous"]
[Site "SchemingMind.com"]
[Date "2011.09.22"]
[Round "-"]
[White "Archon"]
[Black "Andreas Flato"]
[Result "0-1"]
[WhiteCountry "CAN"]
[BlackCountry "GER"]
[WhiteElo "1778"]
[WhiteRD "57"]
[BlackElo "1797"]
[BlackRD "69"]
[GameID "293563"]

1. Nf3 e6 2. c4 Nf6 3. g3 Nc6 4. Bg2 b6 5. O-O Bb7 6. Nc3 d5 7. b3 Bd6 8. d4 a6 9. Bb2 O-O 10. e3 dxc4
11. bxc4 Ne7 12. Rc1 c5 13. Ne2 Bc7 14. Nf4 Nf5 15. Nh4 Bxg2 16. Nhxg2 cxd4 17. exd4 Nd6 18. c5 bxc5 19. dxc5 Nb5 20. Nh5 Nxh5
21. Qxh5 Qd5 22. Qxd5 exd5 23. Rfd1 d4 24. Bxd4 Nxd4 25. Rxd4 Rac8 26. Rd7 h6 27. c6 Rfd8 28. Ne3 Ba5 29. Nd5 Rxd7
0-1

[Event "1700's Anonymous"]
[Site "SchemingMind.com"]
[Date "2011.09.22"]
[Round "-"]
[White "Clive Everill"]
[Black "Andreas Flato"]
[Result "0-1"]
[WhiteCountry "CZE"]
[BlackCountry "GER"]
[WhiteElo "1790"]
[WhiteRD "52"]
[BlackElo "1797"]
[BlackRD "69"]
[GameID "293564"]

1. e4 e5 2. f4 exf4 3. Bc4 Qh4+ 4. Kf1 g5 5. Nf3 Qh5 6. d4 d6 7. Nc3 Be6 8. d5 Bd7 9. Bd2 a6 10. Be2 g4
11. Nd4 f3 12. gxf3 gxf3 13. Bxf3 Bh3+ 14. Ke2 Qe5 15. Be3 Bg7 16. Qg1 Ne7 17. Qg3 Bd7 18. Rad1 Ng6 19. h4 Qxg3 20. Rdg1 Qe5
21. h5 Ne7 22. Rg5 Qf6 23. Rhg1 Bh6 24. R5g3 c5 25. Nb3 b5 26. Na5 Bxe3 27. Kxe3 Qh6+ 28. Ke2 f5 29. Nb7 b4 30. Nd1 fxe4
31. Bxe4 Qxh5+ 32. Bf3 Qe5+ 33. Ne3 Nf5 34. Bh5+ Ke7 35. Kd2 Nxg3
0-1